Statistics for Hardest History Quiz

Click here to take the quiz!

General Stats

  • This quiz has been taken 208 times
  • The average score is 4 of 15

Answer Stats

HintsAnswer% Correct
What country was a US colony that was used for slavesLiberia
75%
What city is the mile high cityDenver
64%
Which president served more than 2 terms in the USAFDR
63%
Who came up with the idea that the earth revolves around the sunNicolaus Copernicus
59%
How much is a penny worth1 cent
29%
Where was it foughtZanzibar
29%
What is the worlds most expensive currencyKuwaiti Dinar
15%
Who was the 19th presidentRutherford Hayes
11%
How long did the shortest war last31 minutes
10%
Who was the founder of moscovyAlexander
8%
What city was burned to the ground in 1938, ChinaChangsha
6%
Who was the leader of Rome during its fallOdoacer
3%
How long did the ming dynasty last256 years
2%
Who invented negative numbersBrahmagupta
2%
Who invented the idea of nationalismHans Khon
2%

Score Distribution

Percentile by Number Answered

Percent of People with Each Score

Your Score History

You have not taken this quiz